Finlay's WrestleMania Opponents - Statistics

General Stats
  • This quiz has been taken 10 times
  • The average score is 15 of 20
Answer Stats
WrestleMania Opponent % Correct
WrestleMania 25* Christian
86%
WrestleMania 23* Jeff Hardy
86%
WrestleMania XXIV John "Bradshaw" Layfield
86%
WrestleMania 25* Kane
86%
WrestleMania 22* Matt Hardy
86%
WrestleMania 23* Matt Hardy
86%
WrestleMania 23* Randy Orton
86%
WrestleMania 22* Ric Flair
86%
WrestleMania 22* Rob Van Dam
86%
WrestleMania 23* CM Punk
71%
WrestleMania 25* CM Punk
71%
WrestleMania 23* Edge
71%
WrestleMania 23* King Booker
71%
WrestleMania 25* Kofi Kingston
71%
WrestleMania 23* Mr. Kennedy
71%
WrestleMania 25* MVP
71%
WrestleMania 22* Shelton Benjamin
71%
WrestleMania 25* Shelton Benjamin
71%
WrestleMania 22* Bobby Lashley
57%
WrestleMania 25* Mark Henry
57%
No matching quizzes found
Score Distribution
Percent of People with Each Score
Percentile by Number Answered
Your Score History
You have not taken this quiz